| 000 | 00436nam a2200169 a 4500 | ||
|---|---|---|---|
| 005 | 20140310183258.0 | ||
| 008 | 970101s19uu xx 00 eng d | ||
| 020 | _a0140620125 | ||
| 050 |
_aPR 4165 _b.B869 2004 |
||
| 100 | _aBronte, Emily | ||
| 245 |
_aWuthering Heights / _cEmily Bronte. |
||
| 260 |
_aNew York : _bPenguin Books, _c1994. |
||
| 300 |
_a279 p. : _c18 cm. |
||
| 650 | _aClassics | ||
| 942 |
_cBK _2lcc |
||
| 999 |
_c20895 _d20895 |
||